| 000 | 00547cam a2200205ua 4500 | ||
|---|---|---|---|
| 001 | 10243 | ||
| 008 | 190125n ii |||gr||||Z||||||eng | ||
| 020 | _a8176800481 | ||
| 040 | _cMAIN | ||
| 041 | _aeng | ||
| 082 | _a330 | ||
| 100 |
_aGoel, JP, _eAuthor., |
||
| 245 |
_aIntroduction to economics : _bclass XII / _cBy J.P. Goel and H Goswami . |
||
| 260 |
_aDibrugarh: _bTushar publishing house., _c2017-18. |
||
| 300 | _a440+4p. | ||
| 653 | _aEconomics | ||
| 653 | _aHigh secondary economics | ||
| 700 |
_aGoswami, H, _eAuthor. |
||
| 942 | _cBK | ||
| 999 |
_c9239 _d9239 |
||